Digital type.

Bibliographic Details
Corporate Author: Rockport Publishers
Format: Book
Language:English
Published: Rockport, Mass. : Rockport Publishers ; [1997]
Subjects:

MARC

Tag First Indicator Second Indicator Subfields
LEADER 00000cam a2200000 a 4500
001 in00001402937
005 20151020053103.0
008 970910s1997 maua 001 0 eng d
020 |a 1564962598 
035 |a (OCoLC)37600027 
035 |9 AHM6981AM 
040 |a MSA  |c MSA  |d TXA  |d UtOrBLW 
049 |a TXAM 
090 |a Z250.7  |b .D54 1997 
092 |a 686.224 
245 0 0 |a Digital type. 
264 1 |a Rockport, Mass. :  |b Rockport Publishers ;  |c [1997] 
264 2 |a Cincinnati, Ohio :  |b Distributed by North Light Books, 
264 4 |c ©1997 
300 |a 141 pages :  |b color illustrations ;  |c 31 cm. 
336 |a text  |b txt  |2 rdacontent 
337 |a unmediated  |b n  |2 rdamedia 
338 |a volume  |b nc  |2 rdacarrier 
500 |a Includes index. 
650 0 |a Type and type-founding  |x Digital techniques. 
650 0 |a Printing  |x Data processing  |x Specimens. 
650 0 |a Layout (Printing)  |x Data processing. 
650 0 |a Computer fonts. 
650 0 |a Display type. 
710 2 |a Rockport Publishers. 
999 |a MARS 
999 f f |s c788bbd6-c792-3765-ab31-7e6bb913e1ab  |i de35442b-ab36-3ec1-98fe-f2a5c4bc370a  |t 0 
952 f f |p ric  |a Texas A&M University  |b Rellis Campus  |c Joint Library Facility  |d Remote Storage  |t 0  |e Z250.7 .D54 1997  |h Library of Congress classification  |i unmediated -- volume  |m A14822013589 
998 f f |a Z250.7 .D54 1997  |t 0  |l Remote Storage